[Event "BRA-ch Regional Sul"]
[Site "Lages"]
[Date "2019.10.18"]
[Round "1"]
[White "Agustinho da Silva, Tais"]
[Black "Delavy, Jhenifer Vitoria Co"]
[Result "0-1"]
[WhiteElo "1800"]
[BlackElo "1526"]
[PlyCount "148"]
[EventDate "2019.10.18"]
[EventType "swiss"]
[EventRounds "5"]
[EventCountry "BRA"]
[SourceTitle "CBM 195 Extra"]
[Source "ChessBase"]
[SourceDate "2020.05.31"]
[SourceVersion "1"]
[SourceVersionDate "2020.05.31"]
[SourceQuality "1"]

1. d4 d5 2. c4 e6 3. Nc3 Nf6 4. Bg5 Be7 5. a3 b6 6. Nf3 Bb7 7. e3 Nbd7 8. b4 0-0 9. Qc2 Rc8 10. c5 c6 11. Bd3 Re8 12. 0-0 h6 13. Bh4 Nh5 14. Bxe7 Qxe7 15. Rfe1 e5 16. Be2 e4 17. Nd2 Qg5 18. Bxh5 Qxh5 19. Nf1 Nf6 20. Qe2 Qg6 21. cxb6 axb6 22. Na4 Ra8 23. Qc2 Nd7 24. Ng3 Rec8 25. Rec1 Ba6 26. Nc3 Qe6 27. Qd2 Bb7 28. Rc2 c5 29. dxc5 bxc5 30. b5 Nb6 31. a4 Nc4 32. Qe2 Na5 33. Rb1 Re8 34. h3 d4 35. exd4 cxd4 36. Qg4 Qxg4 37. hxg4 dxc3 38. Rxc3 Rac8 39. Rbc1 Rxc3 40. Rxc3 Rc8 41. Rxc8+ Bxc8 42. Nxe4 Bxg4 43. Nd6 Be6 44. Kf1 Kf8 45. b6 Bd5 46. f3 g6 47. Kf2 Ke7 48. Ne4 Nc4 49. Nc3 Bb7 50. a5 Nxa5 51. Na4 Kd6 52. Ke3 Bc6 53. Nc3 Nc4+ 54. Kd4 Nxb6 55. Ne4+ Bxe4 56. Kxe4 Ke6 57. g4 Nc4 58. Kd4 Nd6 59. f4 f5 60. gxf5+ Nxf5+ 61. Ke4 h5 62. Kf3 Kd5 63. Kg2 Ke4 64. Kh3 Kxf4 65. Kh2 g5 66. Kh3 g4+ 67. Kg2 h4 68. Kh2 h3 69. Kg1 g3 70. Kh1 Nh4 71. Kg1 Ke3 72. Kh1 Ke2 73. Kg1 Nf3+ 74. Kh1 g2# 0-1